Laicidad y valores en un Estado democrático / (Registro nro. 147725)

Detalles MARC
000 -LEADER
fixed length control field nam a22 7a 4500
005 - DATE AND TIME OF LATEST TRANSACTION
control field 20190315082552.0
008 - FIXED-LENGTH DATA ELEMENTS--GENERAL INFORMATION
fixed length control field 190315b mx ||||| |||| 00| 0 spa d
020 ## - INTERNATIONAL STANDARD BOOK NUMBER
International Standard Book Number 9706284397
050 04 - LIBRARY OF CONGRESS CALL NUMBER
Classification number BL2765.M6
Item number L35 2000
245 00 - TITLE STATEMENT
Title Laicidad y valores en un Estado democrático /
250 ## - EDITION STATEMENT
Edition statement 1a edición
260 ## - PUBLICATION, DISTRIBUTION, ETC. (IMPRINT)
Place of publication, distribution, etc México, D.F. :
Name of publisher, distributor, etc Secretaria de Gobernacion,
Date of publication, distribution, etc 2000
300 ## - PHYSICAL DESCRIPTION
Extent 159 p. ;
Dimensions 21 cm.
500 ## - GENERAL NOTE
General note Coedición con: Subsecretaria de Asuntos Religiosos : El Colegio de México
650 #4 - SUBJECT ADDED ENTRY--TOPICAL TERM
Topical term or geographic name as entry element Laicismo
General subdivision México -- Discursos, ensayos, conferencias
650 #4 - SUBJECT ADDED ENTRY--TOPICAL TERM
Topical term or geographic name as entry element Valores sociales
General subdivision México
650 #4 - SUBJECT ADDED ENTRY--TOPICAL TERM
Topical term or geographic name as entry element Iglesia y Estado
General subdivision México
942 ## - ADDED ENTRY ELEMENTS (KOHA)
Source of classification or shelving scheme Biblioteca del Cogreso de los Estados Unidos
Koha item type Libro
Existencias
Estado de pérdida Fuente de clasificación Estado del daño No para préstamo Ubicación permanente Ubicación actual Apartado o colección Fecha de adquisición Fuente de adquisición Edición Dependencia de educación superior (DES) Área del conocimiento Clasificación Código de Barras Date last seen Número de copia Costo por reposición Tipo de recurso
  Biblioteca del Cogreso de los Estados Unidos   Consulta Biblioteca de la Facultad de Filosofía Biblioteca de la Facultad de Filosofía Fondo "Luis Villoro" 15/03/2019 Donación 1a ed Humanidades Educación y Humanidades BL2765.M6 L35 2000 BFF000032073 15/03/2019 C:1 1.00 Libro